Touch a dream / (Registro nro. 9371)
[ vista simple ]
| 000 -LIDER | |
|---|---|
| fixed length control field | 00733nam a22002537a 4500 |
| 001 - NÚMERO DE CONTROL | |
| Identificador de número de control | 240034 |
| 003 - IDENTIFICACDOR DE NÚMERO DE CONTROL | |
| control field | DO-SdBNP |
| 005 - DATE AND TIME OF LATEST TRANSACTION | |
| control field | 20160707142030.0 |
| 007 - CAMPOS FIJOS DE DESCRIPCIÓN FÍSICA | |
| fixed length control field | 240034 |
| 008 - ELEMENTOS DE LONGITUD FIJA | |
| fixed length control field | 160322b 2001 flu ||||| |||| 00| 0 spa d |
| 020 ## - ISBN | |
| International Standard Book Number | 0153120487 |
| 040 ## - FUENTE DE CATALOGACIÓN | |
| Agencia que crea de manera original el registro | BPMSU |
| Idioma de catalogación | spa |
| Agencia que realiza la transcripción | BPMSU |
| 092 ## - LOCALLY ASSIGNED DEWEY DECIMAL CALL NUMBER | |
| Número de clasificación | xxxx |
| Número de ítem (Cutter) | xxxx |
| 100 1# - ASIENTO PRINCIPAL -- NOMBRE PERSONAL | |
| Nombre personal | Farr, Roger C. |
| 245 10 - MENCIÓN DE TITULO | |
| Título | Touch a dream / |
| Mención de responsabilidad | Roger C. Farr, Dorothy S. Strickland, Isabel L. Beck. |
| 260 ## - PUBLICACIÓN, DISTRIBUCIÓN, ETC. (PIE DE IMPRENTA) | |
| Lugar de publicación, distribución, etc | Orlando, FL : |
| Nombre del editor, distribuidor, etc. | Harcourt, |
| Fecha de publicación, distribución, etc | 2001. |
| 300 ## - DESCRIPCIÓN FÍSICA | |
| Extensión | 653 p. : |
| Otros detalles físicos | il. ; |
| Dimensiones | 26 cm. |
| 490 1# - MENCIÓN DE SERIES | |
| Mención de serie | A Harcourt reading/language arts program. |
| 700 12 - ASIENTO SECUNDARIO -- NOMBRE PERSONAL | |
| Nombre personal | Strickland, Dorothy S. |
| 700 12 - ASIENTO SECUNDARIO -- NOMBRE PERSONAL | |
| Nombre personal | Beck, Isabel L. |
| 830 #0 - ASIENTO SECUNDARIO DE SERIE--TÍTULO UNIFORME | |
| Título uniforme | A Harcourt reading/language arts program. |
| 942 ## - ADDED ENTRY ELEMENTS (KOHA) | |
| Source of classification or shelving scheme | Dewey Decimal Classification |
| Koha item type | Libros |
| 956 ## - LOCAL ELECTRONIC LOCATION AND ACCESS (OCLC) | |
| Método de acceso | LOPEREZ |
| Materiales especificados | 10 |
| Withdrawn status | Lost status | Source of classification or shelving scheme | Damaged status | Not for loan | Collection code | Home library | Current library | Date acquired | Source of acquisition | Total Checkouts | Barcode | Date last seen | Price effective from | Koha item type | Copy number |
|---|---|---|---|---|---|---|---|---|---|---|---|---|---|---|---|
| Dewey Decimal Classification | Biblioteca Pública Metropolitana Salomé Ureña | Biblioteca Pública Metropolitana Salomé Ureña | 03/22/2016 | Donado por FUNDI | BPMSUU16030254 | 03/22/2016 | 03/22/2016 | Libros | |||||||
| Dewey Decimal Classification | Biblioteca Pública Metropolitana Salomé Ureña | Biblioteca Pública Metropolitana Salomé Ureña | 03/22/2016 | Donado por FUNDI | BPMSU16030255 | 03/22/2016 | 03/22/2016 | Libros | ej. 2 |